Retrouvez les villes aux cent clochers. - Statistiques

Statistiques générales
  • Ce quiz a été pris 26 fois
  • Le résultat moyen est 7 sur 13
Statistiques - réponses
Hint Réponse % Correct
Canada M Montréal
92%
République tchèque P Prague
84%
Slovaquie B Bratislava
76%
France R Rouen
76%
R Rouen
76%
Belgique L Liège
72%
R Reims
68%
D Dijon
40%
C Caen
36%
P Poitiers
20%
A Arras
16%
T Troyes
4%
Italie AP Ascoli Piceno
0%
Aucun quiz correspondant
Distribution des résultats
% des personnes avec chaque résultat
Percentile par nombre de réponses
Votre historique - résultats
Vous n’avez pas pris ce quiz